| 000 | 00653nam a22001937a 4500 | ||
|---|---|---|---|
| 005 | 20180827104019.0 | ||
| 010 | _aENG-123768 | ||
| 020 |
_c180.00 _a9789386262226 |
||
| 035 | _aEN-107300 | ||
| 037 | _bDBAD/PUB | ||
| 082 | _a370.8282970954 | ||
| 100 | _aBasheer, A. | ||
| 245 |
_aEducation and empowering backward minorities / _cby A. Basheer |
||
| 260 |
_aDelhi _bShipra Publications _c2017 |
||
| 270 |
_aLG 18-19,Pankaj Central Market I.P.Ext.,Patparganj _bDelhi _e110092 _k91 11 22235152/ 6152 _mwww.shiprapublication.com |
||
| 300 |
_a137p. _c21cm(pbk) |
||
| 500 | _aIt includes index | ||
| 942 |
_2ddc _cEN _mBAS _h370.8282970954 |
||
| 999 |
_c156358 _d156358 |
||